000 00410nam a2200109 4500
999 _c12922
_d12922
008 190206b ||||| |||| 00| 0 eng d
245 _aNational defense :
_bfilipino soldiers as epitome of strength and people's advocate
260 _aSan Miguel, Manila :
_bOP-Bureau of Communications Services,
_c2013-©2014.
300 _av22 n6, pages 26-28;
_b23 cm.
650 _amilitary readiness
_918313
942 _2ddc
_cPER